[Event "Winter 2018 CCCSA-GM B"]
[Site "Charlotte"]
[Date "2018.01.15"]
[Round "8.5"]
[White "Zapata, Alonso"]
[Black "Jacobson, Brandon"]
[Result "1-0"]
[WhiteElo "2422"]
[BlackElo "2376"]
[Annotator "TA"]
[PlyCount "111"]
[EventDate "2018.01.11"]
[EventType "tourn"]
[EventCountry "USA"]
[SourceTitle "playchess.com"]
[Source "ChessBase"]
[SourceQuality "1"]

{[%evp 20,111,7,0,0,-14,0,0,0,-7,0,-19,51,-10,-5,-24,-2,-34,-30,-25,-3,-8,6,-14,-16,-23,4,0,-5,-18,-18,-8,0,0,9,0,0,0,6,8,0,0,0,-7,-8,-24,120,116,343,337,346,336,273,141,937,944,903,859,774,750,722,172,297,298,279,0,149,0,262,134,110,122,356,316,365,381,1258,1287,1345,1348,1295,1299,1245,1267,1260,1224,1165,1136,1539,1192,5193,5097,29978,29978]} 1. e4 c5 2. Nf3 d6 3. d4 cxd4 4. Nxd4 Nf6 5. Nc3 a6 6. Bc4 e6 7. O-O Be7 8. Bb3 O-O 9. f3 b5 10. Be3 Bb7 {B87: Sicilian Scheveningen/Najdorf: 6 Bc4, with early ...b5} (10... Qc7 11. Qd2 Nc6 12. a4 b4 13. Nxc6 Qxc6 14. Ne2 Rb8 15. Rfd1 Nd7 16. Nd4 Qb7 17. a5 Nc5 18. Bc4 {0-1 (54) Zapata,A (2466)-Bruzon Batista,L (2691) Santo Domingo 2012}) 11. Qe2 {LiveBook: 3 Games} Nbd7 12. Rfd1 Rc8 {The position is equal.} 13. a3 Ne5 $146 ({Predecessor:} 13... Qc7 14. Qf2 Ne5 15. Nce2 Nc4 16. Bc1 d5 17. exd5 {1-0 (40) Ertel,W (1835)-Henck,E (1720) Germany 1996}) 14. Bf2 Qc7 15. Kh1 Nc4 (15... Nfd7 $11) 16. Bxc4 ({White should play} 16. Ndxb5 $14 axb5 17. Nxb5) 16... Qxc4 $11 17. Qxc4 Rxc4 18. Rd2 Ba8 19. Nd1 g5 20. c3 d5 21. e5 Nd7 22. Re2 Rb8 23. Ne3 Rcc8 24. Nec2 a5 25. Be1 Bd8 26. Bd2 Nc5 27. Rb1 h6 28. h4 Kh7 29. hxg5 hxg5 30. g4 Kg6 31. Kg2 Bc7 32. Rh1 {Hoping for Rh5.} Nd3 (32... Rh8 $11 {keeps the balance.}) 33. Rh5 $16 Bd8 $2 (33... Nf4+ $16 34. Bxf4 gxf4) 34. Kg3 $1 $18 Be7 35. Reh2 Nxe5 36. f4 (36. Rh7 $18 {[%csl Gh7][%cal Rh2h6]} Bf8 37. R2h5) 36... Nd3 $2 {[%mdl 8192]} (36... Nc4 $16) 37. f5+ Kg7 38. Rh7+ Kg8 39. Rh8+ Kg7 40. R2h7+ $40 {[%mdl 128] Black is in trouble.} Kf6 41. Rh6+ Kg7 42. R6h7+ (42. R8h7+ $18 Kg8 43. Nxe6 $1 {[%mdl 512]} (43. fxe6 Bd6+ 44. Kg2 fxe6 $16) 43... Bd6+ 44. Kh3 Nf2+ 45. Kg2 fxe6 46. f6 (46. Kxf2 exf5 47. Nd4 Bf8 $18)) 42... Kf6 $16 {[#]} 43. Rh6+ (43. Bxg5+ $1 $16 Kxg5 44. Nf3+ Kf6 45. Rh6+ Kg7 46. R8h7+ Kf8 47. Rh8+ Kg7 48. R8h7+ Kg8 49. Rh8+ Kg7) 43... Ke5 $2 {[%mdl 8192]} (43... Kg7 $1 $11 {and Black is okay.} 44. R8h7+ Kg8) 44. Rxc8 ({Only move:} 44. R8h7 $18 Bf8 45. Nf3+ Kd6 46. Rf6 (46. Nxg5 Kc5 $16)) 44... Rxc8 45. fxe6 f6 $2 (45... Bf8 $16 {was called for.} 46. Nf3+ Kd6) 46. Ne3 $18 ({Less strong is} 46. Nxb5 Nxb2 47. Ncd4 Nc4 $16) 46... Bc5 (46... Nxb2 47. Nef5 $16) 47. Nef5 Bxd4 $2 (47... Nxb2 48. e7 Bxa3) 48. cxd4+ Kxe6 49. Rh7 {[%csl Gf5][%cal Rh7e7]} Re8 50. Ng7+ Kf7 51. Nxe8+ Kxe8 52. Rh8+ Kd7 53. Rxa8 Nxb2 54. Bxa5 Nc4 55. Bb4 Nb6 56. Ra6 {Precision: White = 52%, Black = 28%.} 1-0

[Event "Winter 2018 CCCSA-GM B"]
[Site "Charlotte"]
[Date "2018.01.15"]
[Round "9.1"]
[White "Jacobson, Brandon"]
[Black "Tiglon, Bryce"]
[Result "1/2-1/2"]
[WhiteElo "2376"]
[BlackElo "2385"]
[Annotator "TA"]
[PlyCount "20"]
[EventDate "2018.01.11"]
[EventType "tourn"]
[EventCountry "USA"]
[SourceTitle "playchess.com"]
[Source "ChessBase"]
[SourceQuality "1"]

{[%evp 13,20,20,34,20,16,15,26,15,20]} 1. e4 c5 2. Nf3 d6 3. d4 cxd4 4. Nxd4 Nf6 5. Nc3 a6 6. Be3 e5 7. Nb3 Qc7 {LiveBook: 21 Games} 8. a4 {B90: Sicilian Najdorf: Unusual White 6th moves, 6 Be3 Ng4 and 6 Be3 e5} Be6 9. Be2 h6 10. a5 $146 ({Predecessor:} 10. O-O Nbd7 11. f4 Rc8 12. Kh1 Be7 13. fxe5 dxe5 14. Nd5 Bxd5 15. exd5 O-O {1-0 (74) Kofidis,A (2350)-Skembris,S (2530) Komotini 1992}) 10... Be7 1/2-1/2

[Event "Winter 2018 CCCSA-GM B"]
[Site "Charlotte"]
[Date "2018.01.15"]
[Round "9.2"]
[White "Gorovets, Andrey"]
[Black "Zapata, Alonso"]
[Result "1-0"]
[WhiteElo "2517"]
[BlackElo "2422"]
[Annotator "TA"]
[PlyCount "55"]
[EventDate "2018.01.11"]
[EventType "tourn"]
[EventCountry "USA"]
[SourceTitle "playchess.com"]
[Source "ChessBase"]
[SourceQuality "1"]

{[%evp 22,55,79,84,85,73,87,87,119,116,120,115,108,123,123,105,131,106,129,130,141,123,239,239,243,236,243,224,233,214,309,235,254,253,1126,1117]} 1. d4 Nf6 2. c4 g6 3. Nc3 Bg7 4. e4 d6 5. Be2 O-O 6. Bg5 h6 7. Be3 e5 8. d5 Nbd7 9. Qd2 Nc5 10. f3 {[%cal Bf2f3,Bf3g4,Bg4g5][%mdl 32]} a5 11. O-O-O h5 {E73: King's Indian: Averbakh Variation without 6...c5} 12. h4 {LiveBook: 10 Games} a4 13. Kb1 {[#]} Nh7 $146 {White is better.} ({Predecessor:} 13... Bd7 14. Nh3 Nh7 15. Ng5 f5 16. Bxc5 Nxg5 17. Be3 Nh7 18. Bd3 Bf6 19. Bf2 {0-1 (46) Nerat,I (2042)-Jankovic,A (2556) Slovenia 2013}) 14. g4 hxg4 15. fxg4 Nf6 16. Bxc5 $1 dxc5 17. g5 Nh5 18. Bxh5 gxh5 19. Nge2 {[%cal Bg1e2,Be2g3,Bg3f5][%mdl 32]} Bg4 20. Ng3 a3 21. Nf5 f6 (21... axb2 $16 {keeps fighting.} 22. Kxb2 c6) 22. g6 axb2 23. Rdf1 (23. Kxb2 $6 Qd7 $16) 23... Qd7 {[#]} 24. Rhg1 $1 (24. Kxb2 Ra6 $16) 24... Bxf5 25. Rxf5 Ra3 (25... Ra6 {was necessary.} 26. Qe2 (26. Kxb2 Rfa8 $18) (26. Rxh5 f5 $11) (26. Qxb2 Rb6 $11) 26... Bh6 27. Kxb2 (27. Rxh5 Kg7 $18) 27... Rfa8 28. Qxh5 (28. Rxh5 Rb6+ 29. Nb5 Bg7 $16) 28... Be3) 26. Rg3 ({Don't play} 26. Qxb2 Rfa8 $18) 26... Rfa8 27. Qd1 (27. Rxh5 R3a4) 27... Qd6 $2 {[#]} (27... Bh6 28. Rxh5 Bg7 29. Kxb2 c6) 28. Qxh5 {Precision: White = 96%, Black = 50%.} 1-0

[Event "Winter 2018 CCCSA-GM B"]
[Site "Charlotte"]
[Date "2018.01.15"]
[Round "9.4"]
[White "Kadric, Denis"]
[Black "Gauri, Shankar"]
[Result "1/2-1/2"]
[WhiteElo "2502"]
[BlackElo "2345"]
[Annotator "TA"]
[PlyCount "31"]
[EventDate "2018.01.11"]
[EventType "tourn"]
[EventCountry "USA"]
[SourceTitle "playchess.com"]
[Source "ChessBase"]
[SourceQuality "1"]

{[%evp 13,31,11,17,-7,14,-8,17,6,40,16,43,40,35,34,35,27,26,22,27,31]} 1. e4 e5 2. Nf3 Nc6 3. Nc3 Nf6 4. Bb5 Bb4 5. O-O O-O 6. d3 Bxc3 7. bxc3 d6 {LiveBook: 411 Partien. C49: Vierspringerspiel (Symmetrische Variante)} 8. Ng5 (8. Re1 a6 9. Bxc6 bxc6 10. Bg5 h6 11. Bh4 Bg4 12. h3 Bxf3 13. Qxf3 c5 14. Rab1 g5 15. Bg3 Ne8 16. d4 {1-0 (82) Grischuk,A (2772)-Wang,H (2709) Huaian 2017}) 8... Qe7 9. Re1 Nd8 {Die Stellung ist ausgeglichen.} 10. d4 Ne6 11. Bd2 $146 c6 12. Bf1 Qc7 13. h3 Re8 14. Bd3 Bd7 15. a4 a5 16. Qb1 {Precision: Weiß = 42%, Schwarz = 27%.} 1/2-1/2